Регионална библиотека "Любен Каравелов" - Русе

Изчезващата памет (Запис номер 328761)

MARC детайли
000 -Лидер
Контролно поле с фиксирана дължина 01504nam a2200313 a 4500
003 - Код на организацията, давaща контролен номер
Контролно поле BLK
005 - Дата и час на последна редакция
Контролно поле 20240312092215.0
008 - Елементи от данни с фиксирана дължина
fixed length control field 190205b bu ah||gr|||| 00| | bu d
020 ## - Международен стандартен номер на книга ISBN
Международен стандартен номер на книга ISBN 9789543271139
040 ## - Източник на каталожния запис
Идентификатор на билиотеката - собственик на записа BLK
041 ## - Код за език
Код за езика на текст/звукозапис или на отделно заглавие Български
Код за езика КДБФ Български
080 ## - УДК
Текстов определител УДК Цивилизация. Култура. Прогрес. История на културата вж 930.85
УДК код - определител по УДК 008
УДК - код + определител 008
100 1# - Редна дума - Автор
Автор Джурова, Аксиния Добрева
R(LIN) 61250
139 ## - Редно поле
Редна дума Джурова, Аксиния Добрева
Авторски знак Джо - Д 52
245 ## - Сведения за заглавието
Заглавие Изчезващата памет
Подзаглавни данни срещи по пътя.
Том Т. 2
260 ## - Област на издателските данни
9 (RLIN) 209835
Място на издаване, разпространение и проч. София
Име на издателя, разпространителя и проч. Класика и Стил
Година на издаване 2018
Печатница (София : Алианс принт)
300 ## - Физическа характеристика
Размери/Мащаб 21 x 21 см
380 ## - Жанр
Жанр Общ отдел
490 ## - СЕРИИ (Колекции)
Име на серия Брифон
500 ## - Общи забележки
Забележка Други фотогр.: Александра Педонези, Рита Педонези, Фабио Джентили. - Изд. на фонд. "Елена и Иван Дуйчеви", фонд. "Пчелен кошер". - Биогр. данни за авт.
650 #7 - Допълнително описание по предмет – тема
9 (RLIN) 159819
Основно описание – тема или топоним Култура
700 ## - Други автори (авторска отговорност)
9 (RLIN) 1631
Лично име Харалампиев, Никифор Стефанов
Автороска отговорност (Описва отношението между автора и произведението) фотогр.
760 ## - Описание на основната серия
Редна дума на основното описание Джурова, Аксиния Добрева
Място на издаване, издател и година София, 2018
Страници - том 276 с. : с цв. ил., факс.
Част - том Т. 2
852 ## - Местоположение
Форматна сигнатура Цб 293219
852 ## - Местоположение
Фондова буква Отдел Изкуство - подръчен фонд
Систематично-азбучна сигнатура 0/Д 52 А
999 ## - СИСТЕМНИ КОНТРОЛНИ НОМЕРА
Koha biblionumber 328761
Koha biblioitemnumber 328761
942 ## - АРТИКУЛИ
Вид на библиотечния материал Книги
Скрит в OPAC Не
Периодичен библиозапис Да
944 ## - СЪЗДАВАНЕ И РЕДАКЦИЯ на ЗАПИСА
Създаване/Редакция Създаване
Дата на регистрацията/редакция 2019-02-05
Служител, извършил регистрацията/редакцията 30560
Статус, дата на статуса Геновева Генчева
944 ## - СЪЗДАВАНЕ И РЕДАКЦИЯ на ЗАПИСА
Създаване/Редакция Редакция
Дата на регистрацията/редакция 2021-10-13
Служител, извършил регистрацията/редакцията ГГГ
Наличности
Код за отписване Код за изгубен артикул Източник на класификационната схема Код за повреда Коз за рестрикции Код за отдаване Артикулен № Име на библиотеката - собственик Име на библиотеката, в която се намира в момента Статус (Текущо местоположение) Дата на вписване в системата Местоположение - отдел Цена в лева Систематично азбучна сигнатура Баркод Цена в евро Служебен тип на артикула
  Не е изгубен Universal Decimal Classification Не е повреден без рестрикции ползва се в читалня 689096 Регионална библиотека "Любен Каравелов" Русе Регионална библиотека "Любен Каравелов" Русе Хранилище 2019-02-12 Хранилище 13.00 Цб 293219 120000829354 6.65 Книги
  Не е изгубен Universal Decimal Classification Не е повреден без рестрикции заемане за дома 857385 Регионална библиотека "Любен Каравелов" Русе Регионална библиотека "Любен Каравелов" Русе Отдел Изкуство - подръчен фонд 2021-10-13 Отдел Изкуство - подръчен фонд 26.41 0/Д 52 А 120000860327 13.50 Книги
Vip Innovations Ltd, Rousse, Bulgaria 2025